Revista de Derecho Privado y Comunitario 2020 - 3 : Efectos de la emergencia sanitaria en las relaciones contractuales /
Guardado en:
| Formato: | Libro |
|---|---|
| Idioma: | Spanish |
| Publicado: |
Santa Fe :
Rubinzal - Culzoni,
2021.
|
| Edición: | 1a. ed. rev. |
| Series: | Revista de Derecho Privado y Comunitario
|
| Materias: | |
| Etiquetas: |
Agregar Etiqueta
Sin Etiquetas, Sea el primero en etiquetar este registro!
|
| LEADER | 00749nam a22002175a 4500 | ||
|---|---|---|---|
| 001 | DER.der014631 | ||
| 008 | 210224s2021####ag#||||||||||||||#||spa|| | ||
| 005 | 20230609134052.0 | ||
| 245 | 1 | 0 | |a Revista de Derecho Privado y Comunitario 2020 - 3 : |b Efectos de la emergencia sanitaria en las relaciones contractuales / |c Alegría, Héctor. |
| 250 | |a 1a. ed. rev. | ||
| 260 | |a Santa Fe : |b Rubinzal - Culzoni, |c 2021. | ||
| 300 | |a 896 p. | ||
| 020 | |a 9789873016783 | ||
| 700 | 1 | |a Alegría, Héctor., |e dir. | |
| 700 | 1 | |a Mosset Iturraspe, Jorge., |e dir. | |
| 830 | 0 | |a Revista de Derecho Privado y Comunitario | |
| 650 | 7 | |a CASO FORTUITO | |
| 650 | 7 | |a EMERGENCIA SANITARIA | |
| 650 | 7 | |a CONTRATOS | |
| 650 | 7 | |a COVID19 | |
| 859 | |a DERECHO |b BIB. DERECHO |h 346 |i REV |p 009933 | ||
